[Event "26th EUR-ch"]
[Site "Katowice POL"]
[Date "2026.04.07"]
[Round "1.109"]
[White "Paprocki, Jaroslaw"]
[Black "Olsen, Filip Boe"]
[Result "1/2-1/2"]
[WhiteElo "2136"]
[BlackElo "2474"]
[EventDate "2026.04.07"]
[PlyCount "107"]

1.Nf3 d5 2.d4 e6 3.c4 Nf6 4.Nc3 Nbd7 5.cxd5 exd5 6.Bg5 c6 7.Qc2 h6 8.Bh4 
Be7 9.e3 O-O 10.Bd3 Re8 11.O-O Ne4 12.Bxe7 Qxe7 13.a3 Ndf6 14.h3 Bf5 15.
Nd2 Rad8 16.Rfe1 Rd6 17.Nf1 a6 18.Na4 Bc8 19.Nc5 Nd7 20.b4 h5 21.Bxe4 dxe4
22.Nxd7 Bxd7 23.Qc5 h4 24.Nh2 Qf6 25.Qc2 Rd5 26.Kh1 Rg5 27.Rac1 Bf5 28.Qe2
Re6 29.Rc5 Bg6 30.Rxg5 Qxg5 31.Qg4 Qe7 32.Rc1 a5 33.Rc5 axb4 34.axb4 b6 
35.Rc4 Qf6 36.Kg1 Bf5 37.Qh5 g6 38.Qh6 g5 39.Qh5 Qg6 40.Qd1 Rd6 41.Rc1 Be6
42.Ng4 Bxg4 43.hxg4 Qe6 44.Kh2 Rd5 45.Qa4 Rd6 46.Qa8+ Kg7 47.b5 cxb5 48.
Rc8 Qd7 49.Rg8+ Kf6 50.Qf8 Rd5 51.Qh6+ Ke7 52.Qf8+ Kf6 53.Qh6+ Ke7 54.Qf8+
1/2-1/2

[Event "26th EUR-ch"]
[Site "Katowice POL"]
[Date "2026.04.07"]
[Round "1.110"]
[White "Pantsulaia, Levan"]
[Black "Kyparissopoulos, Spyridon"]
[Result "1-0"]
[WhiteElo "2472"]
[BlackElo "2133"]
[EventDate "2026.04.07"]
[PlyCount "99"]

1.Nf3 Nf6 2.g3 c5 3.Bg2 Nc6 4.d4 cxd4 5.Nxd4 e6 6.O-O d5 7.c4 Bc5 8.Nb3 
Bb6 9.cxd5 Nxd5 10.Nc3 Nxc3 11.Qxd8+ Nxd8 12.bxc3 Bd7 13.Ba3 Bc6 14.Nd2 
Bc7 15.Rfd1 f6 16.Rab1 Bxg2 17.Kxg2 b6 18.Ne4 Nf7 19.c4 f5 20.Nc3 Rd8 21.
Nb5 Rxd1 22.Rxd1 Bb8 23.c5 bxc5 24.Bxc5 a6 25.Nc3 Ne5 26.Na4 g5 27.Be3 Rg8
28.Nc5 Ba7 29.Rd6 Nc4 30.Rxe6+ Kf7 31.Rc6 Nxe3+ 32.fxe3 Bxc5 33.Rxc5 Ke6 
34.Rc6+ Ke5 35.Rxa6 Rb8 36.a4 Rb2 37.Kf2 g4 38.a5 Ra2 39.Ra8 Kf6 40.a6 Kg6
41.a7 Kg7 42.e4 fxe4 43.Ke3 h5 44.Kf4 Kh7 45.e3 Ra4 46.Ke5 Kg7 47.Kd5 Kh7 
48.Kc6 Ra2 49.Rd8 Rc2+ 50.Kd6 1-0

[Event "26th EUR-ch"]
[Site "Katowice POL"]
[Date "2026.04.07"]
[Round "1.111"]
[White "Madrawski, Krzysztof"]
[Black "Lavrencic, Matic"]
[Result "0-1"]
[WhiteElo "2132"]
[BlackElo "2472"]
[EventDate "2026.04.07"]
[PlyCount "73"]

1.d4 Nf6 2.Nf3 d5 3.Bf4 c5 4.dxc5 e6 5.e3 Bxc5 6.Bd3 O-O 7.Nbd2 Nc6 8.Ne5 
Nd7 9.Qh5 g6 10.Nxc6 bxc6 11.Qh6 Re8 12.Bg3 Qb6 13.h4 Bf8 14.Qg5 Qxb2 15.
Rb1 Qg7 16.h5 Be7 17.Qg4 Nc5 18.hxg6 hxg6 19.Qf4 Nxd3+ 20.cxd3 Ba6 21.d4 
c5 22.Nf3 g5 23.Qc7 Qg6 24.Rb2 cxd4 25.Be5 Bf6 26.Bxf6 Qxf6 27.exd4 Rac8 
28.Qh2 Rc1+ 29.Kd2 Rxh1 30.Qxh1 Qf4+ 31.Kd1 g4 32.Qh4 Rc8 33.Qg5+ Qxg5 34.
Nxg5 Kg7 35.f3 Kg6 36.f4 Re8 37.Rc2 0-1

[Event "26th EUR-ch"]
[Site "Katowice POL"]
[Date "2026.04.07"]
[Round "1.112"]
[White "Akbas, Umut Ata"]
[Black "Rajbharath, Harjith"]
[Result "1-0"]
[WhiteElo "2470"]
[BlackElo "2132"]
[EventDate "2026.04.07"]
[PlyCount "75"]

1.Nf3 Nf6 2.c4 e6 3.Nc3 b6 4.e4 d6 5.d4 Bb7 6.Bd3 Nbd7 7.O-O c5 8.d5 e5 9.
h3 g6 10.Be3 Bg7 11.Qd2 O-O 12.Ne2 a6 13.a4 a5 14.g4 Re8 15.Ng3 Kf8 16.g5 
Ng8 17.Nh2 Ke7 18.Ng4 Rf8 19.Qc3 Qe8 20.f4 Kd8 21.f5 f6 22.h4 Kc7 23.Rf2 
Ne7 24.Raf1 gxf5 25.exf5 Ng8 26.Be4 Bc8 27.Qd2 Bh8 28.Qe2 Bb7 29.g6 Ne7 
30.h5 hxg6 31.fxg6 f5 32.Nxf5 Nxf5 33.Rxf5 Rxf5 34.Rxf5 Bc8 35.Rf7 Kb8 36.
Qf3 Ra7 37.h6 Nf6 38.Nxf6 1-0

[Event "26th EUR-ch"]
[Site "Katowice POL"]
[Date "2026.04.07"]
[Round "1.113"]
[White "Pietruszewski, Marcin"]
[Black "Dotzer, Lukas"]
[Result "0-1"]
[WhiteElo "2127"]
[BlackElo "2469"]
[EventDate "2026.04.07"]
[PlyCount "96"]

1.d4 Nf6 2.c4 e6 3.Nf3 d5 4.g3 Be7 5.Bg2 O-O 6.O-O c6 7.Nc3 a5 8.b3 b6 9.
Qc2 Ba6 10.cxd5 cxd5 11.Bf4 Nc6 12.Qb2 b5 13.Rfc1 Qb6 14.e3 Rfc8 15.Bg5 
Qd8 16.Bf1 Qb6 17.Ne5 Na7 18.a4 b4 19.Nd1 Bxf1 20.Kxf1 Bd6 21.Bxf6 gxf6 
22.Rxc8+ Rxc8 23.Nd3 Kf8 24.Rc1 Rxc1 25.Qxc1 e5 26.dxe5 fxe5 27.f4 Qa6 28.
Nf2 e4 29.Qb2 exd3 30.Qh8+ Ke7 31.Ke1 Qc8 32.Qxh7 Qc3+ 33.Kf1 Qc1+ 34.Kg2 
Qxe3 35.Nxd3 Qe4+ 36.Qxe4+ dxe4 37.Nb2 Nc6 38.Nc4 Nd4 39.Nxa5 Bc7 40.Nc4 
Nxb3 41.f5 Na5 42.Nd2 e3 43.Ne4 b3 44.Kf3 b2 45.Nc3 Be5 46.Nb1 Nc4 47.Ke2 
Nd2 48.Na3 Bd6 0-1

[Event "26th EUR-ch"]
[Site "Katowice POL"]
[Date "2026.04.07"]
[Round "1.114"]
[White "Mosesov, Danyil"]
[Black "Atienza Alvarez, Javier"]
[Result "1-0"]
[WhiteElo "2464"]
[BlackElo "2126"]
[EventDate "2026.04.07"]
[PlyCount "100"]

1.Nf3 d5 2.g3 c5 3.Bg2 Nc6 4.d4 e6 5.O-O Nf6 6.c4 dxc4 7.dxc5 Qxd1 8.Rxd1 
Bxc5 9.Nbd2 c3 10.bxc3 O-O 11.Nb3 Be7 12.c4 Bd7 13.Bb2 Rfd8 14.Nfd4 Rac8 
15.Nb5 Be8 16.c5 Nb4 17.Nd6 Bxd6 18.Rxd6 b6 19.Rxd8 Rxd8 20.cxb6 axb6 21.
Bd4 Rb8 22.Bc3 Nbd5 23.Be5 Rc8 24.Rd1 Ba4 25.Rd4 Nc3 26.Bf3 Bb5 27.Rd2 
Nfe4 28.Rb2 f6 29.Bxc3 Nxc3 30.Nd4 Bc4 31.Rc2 Ba6 32.Nxe6 Nxe2+ 33.Rxe2 
Bxe2 34.Bxe2 Kf7 35.Nd4 g6 36.Kg2 Ke7 37.Bd1 Rc4 38.Ne2 Kd6 39.Bb3 Rc8 40.
Nf4 Rc5 41.Kf3 g5 42.Nd3 Rc3 43.Ke4 Rc8 44.h4 h6 45.Nb2 Rc1 46.Kf5 Ke7 47.
h5 Rh1 48.Kg6 Rf1 49.Nc4 Rxf2 50.Nxb6 Rf1 1-0

[Event "26th EUR-ch"]
[Site "Katowice POL"]
[Date "2026.04.07"]
[Round "1.115"]
[White "Basdar, Atakan"]
[Black "Blomqvist, Erik"]
[Result "0-1"]
[WhiteElo "2125"]
[BlackElo "2463"]
[EventDate "2026.04.07"]
[PlyCount "102"]

1.e4 e6 2.d4 d5 3.Nd2 c5 4.Ngf3 cxd4 5.Nxd4 Nf6 6.exd5 Nxd5 7.c3 Be7 8.
N2f3 O-O 9.Bd3 Nd7 10.O-O Qc7 11.c4 Nf4 12.Nb5 Qb8 13.Bb1 Rd8 14.Qc2 Nf8 
15.Qe4 N8g6 16.Re1 Bb4 17.Nc3 f5 18.Bxf4 Qxf4 19.Qxf4 Nxf4 20.g3 Ng6 21.a3
Bxc3 22.bxc3 e5 23.Ba2 e4 24.Nd4 Ne5 25.Rab1 Kf7 26.Re3 Kf6 27.f3 exf3 28.
h3 b6 29.Rxe5 Kxe5 30.Nc6+ Kf6 31.Nxd8 Bd7 32.Nb7 Re8 33.Rf1 Re2 34.Rf2 
Re3 35.Nd6 Rxc3 36.Nb5 Rc1+ 37.Kh2 g5 38.g4 fxg4 39.hxg4 Bxg4 40.Bb3 Ke5 
41.Rc2 Rb1 42.Ba4 Bf5 43.Rd2 Be4 44.Nd6 Rc1 45.Bd7 h5 46.Nxe4 Kxe4 47.Rd5 
g4 48.Bc6 Kf4 49.Rd4+ Ke3 50.Rd7 h4 51.Bxf3 Kxf3 0-1

[Event "26th EUR-ch"]
[Site "Katowice POL"]
[Date "2026.04.07"]
[Round "1.116"]
[White "Levin, Guy"]
[Black "Tezcan, Alper"]
[Result "1/2-1/2"]
[WhiteElo "2462"]
[BlackElo "2122"]
[EventDate "2026.04.07"]
[PlyCount "82"]

1.Nf3 d5 2.g3 Nf6 3.Bg2 e6 4.O-O c5 5.d4 cxd4 6.b3 h6 7.Bb2 Be7 8.Nbd2 O-O
9.Bxd4 Nc6 10.Bb2 Qc7 11.c4 Rd8 12.cxd5 Nxd5 13.Rc1 Bf6 14.Qc2 Qe7 15.a3 
Bxb2 16.Qxb2 e5 17.Rxc6 bxc6 18.Nxe5 Bb7 19.Ndc4 Rac8 20.Na5 Ba8 21.b4 c5 
22.b5 Qf6 23.Qa1 Re8 24.Nac6 Bxc6 25.Nxc6 Nc3 26.Nxa7 Rc7 27.Nc6 Nxb5 28.
Qxf6 gxf6 29.Rc1 Nxa3 30.e3 Nb5 31.Rxc5 Na7 32.Rc4 Nxc6 33.Bxc6 Kf8 34.Bd5
Rxc4 35.Bxc4 Rc8 36.Bd3 Rd8 37.Bf5 Rd2 38.Kg2 Rb2 39.g4 Kg7 40.Kg3 Re2 41.
h4 Rb2 1/2-1/2

[Event "26th EUR-ch"]
[Site "Katowice POL"]
[Date "2026.04.07"]
[Round "1.117"]
[White "Tudoroiu, Razvan-Catalin"]
[Black "Haring, Filip"]
[Result "0-1"]
[WhiteElo "2122"]
[BlackElo "2461"]
[EventDate "2026.04.07"]
[PlyCount "60"]

1.d4 d6 2.Nf3 Nf6 3.c4 g6 4.Nc3 Bg7 5.e4 O-O 6.Be2 Nbd7 7.O-O e5 8.Be3 h6 
9.h3 exd4 10.Nxd4 Re8 11.Qc2 Nc5 12.f3 Nh5 13.Rfd1 Be5 14.Bf1 Qh4 15.Nce2 
Ne6 16.Nxe6 Bxe6 17.Rac1 f5 18.Bd4 Qg5 19.Bxe5 dxe5 20.Kh2 Rad8 21.c5 c6 
22.Qa4 fxe4 23.fxe4 Rxd1 24.Rxd1 Qe3 25.Qb4 Rf8 26.Qxb7 Qxe4 27.Qe7 Bd5 
28.Nc3 Qf4+ 29.Kg1 Qe3+ 30.Kh1 Rxf1+ 0-1

[Event "26th EUR-ch"]
[Site "Katowice POL"]
[Date "2026.04.07"]
[Round "1.118"]
[White "Culum, Sanjin"]
[Black "Vegh, Endre"]
[Result "1-0"]
[WhiteElo "2460"]
[BlackElo "2121"]
[EventDate "2026.04.07"]
[PlyCount "89"]

1.e4 c5 2.Nf3 a6 3.c4 Nc6 4.d4 cxd4 5.Nxd4 e5 6.Nf5 d5 7.cxd5 Bxf5 8.exf5 
Nd4 9.Nc3 Nf6 10.Bd3 Be7 11.O-O O-O 12.Re1 Nxd5 13.Be4 Nf6 14.Bxb7 Ra7 15.
Be4 Rd7 16.Qa4 Nxe4 17.Rxe4 Nb5 18.Be3 f6 19.Nxb5 axb5 20.Qxb5 Rd1+ 21.
Rxd1 Qxd1+ 22.Qf1 Rd8 23.h3 Qd7 24.Qc4+ Kf8 25.Qe6 Qd1+ 26.Kh2 Qb1 27.Ra4 
Qxb2 28.Ra7 Qb4 29.a3 Qd6 30.Qxd6 Bxd6 31.a4 Rc8 32.a5 Bc5 33.Bxc5+ Rxc5 
34.a6 Ra5 35.g4 Ra3 36.Kg2 Kg8 37.Ra8+ Kf7 38.Ra7+ Kg8 39.Ra8+ Kf7 40.h4 
h6 41.a7 Ra4 42.g5 hxg5 43.h5 Rg4+ 44.Kf1 Ra4 45.h6 1-0

[Event "26th EUR-ch"]
[Site "Katowice POL"]
[Date "2026.04.07"]
[Round "1.119"]
[White "Rzap, Filip"]
[Black "Hrbek, Stepan"]
[Result "1/2-1/2"]
[WhiteElo "2121"]
[BlackElo "2460"]
[EventDate "2026.04.07"]
[PlyCount "97"]

1.d4 Nf6 2.c4 e6 3.Nf3 d5 4.g3 Bb4+ 5.Bd2 a5 6.Bg2 O-O 7.Qc2 c5 8.cxd5 
cxd4 9.Nxd4 Qb6 10.e3 exd5 11.O-O Nc6 12.Nxc6 bxc6 13.Nc3 h5 14.Rfc1 Re8 
15.Na4 Qd8 16.Bc3 Rb8 17.Bd4 Bd7 18.Nc5 Bxc5 19.Qxc5 Ne4 20.Bxe4 Rxe4 21.
f3 Re6 22.Qc3 Rg6 23.Kf2 Rc8 24.Bc5 Qg5 25.Rg1 Qf5 26.Ke2 Qh3 27.Qe1 Qxh2+
28.Qf2 Qh3 29.Rac1 a4 30.Rh1 Qf5 31.Qh2 Rh6 32.a3 Rb8 33.Bd4 Rb3 34.Rhd1 
Bc8 35.Kf2 Ba6 36.Qh4 g5 37.g4 Qg6 38.gxh5 gxh4 39.hxg6 Rxg6 40.Rg1 Bc4 
41.Rxg6+ fxg6 42.Rh1 c5 43.Bc3 d4 44.exd4 cxd4 45.Bxd4 g5 46.Rg1 Rb5 47.f4
Kf7 48.Rxg5 Rxg5 49.fxg5 1/2-1/2

[Event "26th EUR-ch"]
[Site "Katowice POL"]
[Date "2026.04.07"]
[Round "1.120"]
[White "Druska, Juraj"]
[Black "Lorenz, Roger"]
[Result "1-0"]
[WhiteElo "2458"]
[BlackElo "2118"]
[EventDate "2026.04.07"]
[PlyCount "195"]

1.e4 c6 2.Nf3 d5 3.d3 dxe4 4.dxe4 Qxd1+ 5.Kxd1 Nf6 6.Nbd2 g6 7.Ne5 Bh6 8.
f3 Be6 9.c3 Nbd7 10.Nd3 O-O-O 11.Kc2 Kc7 12.Be2 Be3 13.g3 h5 14.Nf4 Nf8 
15.Ng2 Bh6 16.Nf4 Bc8 17.Nc4 Ne6 18.h4 Nxf4 19.gxf4 Be6 20.a4 Nd7 21.b3 
Rdf8 22.Rg1 b6 23.Bd2 Rd8 24.Be3 Rhg8 25.b4 Ra8 26.b5 c5 27.a5 Rgf8 28.Ra4
Kb7 29.Rga1 f5 30.e5 Rfd8 31.Re1 Bd5 32.Rd1 Nf8 33.axb6 Ne6 34.bxa7 Rxa7 
35.Nd6+ exd6 36.Rxa7+ Kxa7 37.Rxd5 Bxf4 38.Bf2 Bxe5 39.Bc4 Nc7 40.Bxc5+ 
Kb7 41.Rd1 d5 42.b6 Kc6 43.bxc7 Bxc7 44.Be7 Rd7 45.Bxd5+ Rxd5 46.Rg1 Kd7 
47.Bf6 Ke6 48.Rxg6 Kf7 49.Rg7+ Kxf6 50.Rxc7 Ra5 51.Kd3 Ra4 52.Rc4 Ra1 53.
Ke3 Rh1 54.Ra4 Ke5 55.Ra5+ Ke6 56.Ra6+ Ke5 57.Ra5+ Ke6 58.Ra4 Ke5 59.Rb4 
Rh2 60.Rb5+ Ke6 61.Rb4 Ke5 62.Rc4 Kd5 63.Rf4 Ke5 64.Rb4 Ke6 65.Kf4 Rxh4+ 
66.Kg5 Rh1 67.Rb6+ Ke5 68.Rb5+ Ke6 69.Rb6+ Ke5 70.f4+ Ke4 71.Rb4+ Kd3 72.
c4 Kd4 73.Kxf5 h4 74.Kg4 Kc3 75.Ra4 Kb3 76.Ra5 h3 77.Rh5 h2 78.Kg3 Kxc4 
79.Kg2 Rg1+ 80.Kxh2 Rg4 81.Rf5 Kd4 82.Kh3 Rg8 83.Rg5 Re8 84.Kg4 Ke4 85.Rg7
Kd5 86.Kg5 Rf8 87.f5 Kd6 88.Kg6 Ke5 89.Re7+ Kd6 90.f6 Rg8+ 91.Kf7 Rh8 92.
Re6+ Kd7 93.Re1 Rh7+ 94.Kg8 Rh2 95.f7 Rg2+ 96.Kf8 Rh2 97.Rd1+ Ke6 98.Ke8 
1-0

[Event "26th EUR-ch"]
[Site "Katowice POL"]
[Date "2026.04.07"]
[Round "1.121"]
[White "Zeissel, Andrzej"]
[Black "Tudor, Henry Edward"]
[Result "0-1"]
[WhiteElo "2117"]
[BlackElo "2457"]
[EventDate "2026.04.07"]
[PlyCount "84"]

1.d4 Nf6 2.Bg5 c5 3.d5 d6 4.Nc3 h6 5.Bd2 b5 6.Nxb5 Nxd5 7.e4 Nf6 8.e5 dxe5
9.Qf3 e4 10.Qa3 Nc6 11.O-O-O Bd7 12.Be3 a6 13.Nc3 e6 14.Bxc5 Bxc5 15.Qxc5 
Ne7 16.Qe5 Ng6 17.Qd4 Qc7 18.Qd6 Qxd6 19.Rxd6 a5 20.Nge2 Ke7 21.Rd2 Bc6 
22.Nd4 Bb7 23.Bb5 Rhc8 24.Re1 Nf4 25.g3 Ng6 26.Na4 Rab8 27.Kb1 Ne5 28.b3 
Rd8 29.Red1 Nd5 30.c4 Nb4 31.Nc5 Ba8 32.Na6 Nxa6 33.Bxa6 Nd3 34.Nc2 Nxf2 
35.Rxd8 Rxd8 36.Rxd8 Kxd8 37.Kc1 Nd3+ 38.Kd2 Nb4 39.Nxb4 axb4 40.Ke3 e5 
41.g4 g6 42.h4 f5 0-1

[Event "26th EUR-ch"]
[Site "Katowice POL"]
[Date "2026.04.07"]
[Round "1.122"]
[White "Palczert, Matyas"]
[Black "Gbiorczyk, Mikolaj"]
[Result "1-0"]
[WhiteElo "2457"]
[BlackElo "2116"]
[EventDate "2026.04.07"]
[PlyCount "55"]

1.e4 e5 2.Nf3 Nc6 3.Bb5 a6 4.Ba4 Nf6 5.O-O Be7 6.Re1 b5 7.Bb3 d6 8.a4 b4 
9.h3 O-O 10.d4 h6 11.dxe5 Nxe5 12.Nxe5 dxe5 13.Qf3 Bc5 14.Nd2 Qe7 15.Nc4 
Kh8 16.Be3 Be6 17.Rad1 Nd7 18.Na5 Bxb3 19.cxb3 Bxe3 20.Qxe3 Nf6 21.Rc1 Ne8
22.Nc6 Qe6 23.Nxb4 Rb8 24.Nd5 f5 25.Qc5 Rf7 26.exf5 Qxf5 27.Ne7 Qf6 28.Nc6
1-0

[Event "26th EUR-ch"]
[Site "Katowice POL"]
[Date "2026.04.07"]
[Round "1.123"]
[White "Yekeler, Kerem Sarp"]
[Black "Bodrogi, Bendeguz"]
[Result "0-1"]
[WhiteElo "2116"]
[BlackElo "2454"]
[EventDate "2026.04.07"]
[PlyCount "120"]

1.e4 c6 2.Nf3 d5 3.Nc3 dxe4 4.Nxe4 Nf6 5.Qe2 Bg4 6.h3 Bh5 7.d3 e6 8.Bf4 
Nxe4 9.Qxe4 Nd7 10.O-O-O Nf6 11.Qe2 Qd5 12.c4 Bxf3 13.gxf3 Qf5 14.Be5 
O-O-O 15.Rg1 Nd7 16.Bc3 Nc5 17.b3 Rg8 18.Kb2 Bd6 19.d4 Nd7 20.Qe4 Qf4 21.
Bd2 Qxe4 22.fxe4 e5 23.Bc3 exd4 24.Bxd4 Be5 25.Be2 Bxd4+ 26.Rxd4 Nc5 27.
Kc3 a5 28.Rgd1 Rde8 29.Bg4+ Kb8 30.f3 g6 31.h4 Rgf8 32.Bd7 Re7 33.b4 axb4+
34.Kxb4 Na6+ 35.Kc3 Kc7 36.Bh3 Nc5 37.Kb4 Na6+ 38.Kc3 Nc5 39.Kb4 Ra8 40.
R4d2 b6 41.Bg2 Ree8 42.f4 Ra4+ 43.Kc3 Rea8 44.Kd4 Rxa2 45.Ke5 Rxd2 46.Rxd2
Re8+ 47.Kf6 Rxe4 48.Rf2 Rxc4 49.Kxf7 Nd3 50.Rd2 Rxf4+ 51.Ke7 Rd4 52.Bf1 
Re4+ 53.Kf6 Rf4+ 54.Ke7 Rxf1 55.Rxd3 Re1+ 56.Kf6 Re4 57.Kg5 b5 58.Rf3 Kb6 
59.Rf7 h6+ 60.Kxh6 Rxh4+ 0-1

[Event "26th EUR-ch"]
[Site "Katowice POL"]
[Date "2026.04.07"]
[Round "1.124"]
[White "Tutisani, Noe"]
[Black "Hury, Tymoteusz"]
[Result "1-0"]
[WhiteElo "2454"]
[BlackElo "2115"]
[EventDate "2026.04.07"]
[PlyCount "131"]

1.e4 e5 2.Nf3 Nc6 3.Bb5 a6 4.Ba4 Nf6 5.O-O Be7 6.d3 b5 7.Bb3 d6 8.c3 O-O 
9.Nbd2 h6 10.Re1 Na5 11.Bc2 c5 12.Nf1 Nc6 13.Ne3 Qb6 14.Nh4 Re8 15.Qf3 Bf8
16.Bb3 Ra7 17.Nef5 Qd8 18.g4 Nh7 19.Bd5 Rc7 20.Ng6 Be6 21.Nxf8 Rxf8 22.Bb3
a5 23.Qg2 a4 24.Bc2 Ne7 25.f4 Ng6 26.fxe5 dxe5 27.Qg3 Kh8 28.Rf1 f6 29.Be3
Qd7 30.h4 Ne7 31.Rf2 Nxf5 32.gxf5 Bf7 33.Rg2 Bh5 34.Kh2 Rfc8 35.Rag1 Qf7 
36.b3 axb3 37.Bxb3 c4 38.Bc2 Qf8 39.d4 Re8 40.a4 bxa4 41.Bxa4 Ra8 42.Bc2 
Qe8 43.d5 Qf8 44.Kh3 Qc8 45.Kh2 Qf8 46.d6 Rd7 47.Bc5 Qc8 48.Qe3 Ra2 49.Bb4
Qa8 50.Rf2 Nf8 51.Rg3 Kh7 52.Rfg2 Qb7 53.Bb1 Ra1 54.Qg1 Kh8 55.Qc1 Kh7 56.
Qg1 Kh8 57.Qe1 Qa8 58.Qc1 Kh7 59.Qb2 Kh8 60.Rg1 Kh7 61.Qg2 Qa7 62.Bc5 Qb7 
63.Bb6 Rxb1 64.Rxb1 Rxd6 65.Bc5 Rd2 66.Rxb7 1-0

[Event "26th EUR-ch"]
[Site "Katowice POL"]
[Date "2026.04.07"]
[Round "1.125"]
[White "Podgorski, Maciej"]
[Black "Dehtiarov, Roman"]
[Result "0-1"]
[WhiteElo "2113"]
[BlackElo "2452"]
[EventDate "2026.04.07"]
[PlyCount "77"]

1.d4 Nf6 2.c4 e6 3.Nc3 Bb4 4.e3 O-O 5.Bd3 Re8 6.Ne2 d5 7.a3 Bf8 8.O-O Nbd7
9.Bd2 a6 10.e4 dxe4 11.Nxe4 e5 12.d5 Nxe4 13.Bxe4 Nf6 14.Bc2 b5 15.b3 a5 
16.Bg5 Ba6 17.Qd3 e4 18.Qd4 Bd6 19.Bxf6 Qxf6 20.Qxf6 gxf6 21.cxb5 Bxb5 22.
Rfe1 f5 23.Nd4 Bd7 24.g3 Re5 25.g4 fxg4 26.Rxe4 Rxd5 27.Rd1 Rh5 28.Ne2 
Bxh2+ 29.Kf1 Bf5 30.Rc4 Be6 31.Rcd4 Be5 32.Rd8+ Rxd8 33.Rxd8+ Kg7 34.Nd4 
Bxd4 35.Rxd4 Rh3 36.Bd1 h5 37.Ra4 Rh1+ 38.Ke2 Rxd1 39.Kxd1 0-1

[Event "26th EUR-ch"]
[Site "Katowice POL"]
[Date "2026.04.07"]
[Round "1.126"]
[White "Tsolakidou, Stavroula"]
[Black "Flak, Pawel"]
[Result "1-0"]
[WhiteElo "2452"]
[BlackElo "2111"]
[EventDate "2026.04.07"]
[PlyCount "71"]

1.e4 e6 2.d4 b6 3.Nf3 Bb7 4.Bd3 Nf6 5.Qe2 d5 6.e5 Ne4 7.Nbd2 Nxd2 8.Bxd2 
Be7 9.h4 h6 10.h5 c5 11.c3 Qc8 12.b4 Ba6 13.b5 c4 14.Bc2 Bxb5 15.Nh4 Nc6 
16.Qg4 Bf8 17.f4 Ne7 18.O-O Bd7 19.Qf3 Rg8 20.Rf2 Qc6 21.f5 O-O-O 22.f6 
gxf6 23.Qxf6 Rg7 24.Bxh6 Ng8 25.Qxg7 Nxh6 26.Qg5 f5 27.Ng6 Ng4 28.Nxf8 
Rxf8 29.Qxg4 fxg4 30.Rxf8+ Be8 31.h6 Qd7 32.h7 Qg7 33.Rxe8+ Kb7 34.h8=Q 
Qg5 35.Rb8+ Ka6 36.Rxb6+ 1-0

[Event "26th EUR-ch"]
[Site "Katowice POL"]
[Date "2026.04.07"]
[Round "1.127"]
[White "Gajdzica, Maciej"]
[Black "Willow, Jonah"]
[Result "0-1"]
[WhiteElo "2110"]
[BlackElo "2452"]
[EventDate "2026.04.07"]
[PlyCount "68"]

1.d4 d6 2.e4 Nf6 3.Nc3 e5 4.Nf3 Nbd7 5.Rg1 c6 6.g4 h6 7.Be3 Qa5 8.Qd2 Be7 
9.h4 Nf8 10.g5 hxg5 11.hxg5 Ng4 12.O-O-O Ng6 13.Kb1 b5 14.d5 b4 15.Ne2 
cxd5 16.exd5 Nxe3 17.fxe3 Qb6 18.Ng3 Bg4 19.Be2 Bxf3 20.Bxf3 Bxg5 21.Nf5 
Bf6 22.Rg4 a5 23.Rc4 Ne7 24.Rc6 Nxc6 25.Nxd6+ Kf8 26.dxc6 Rd8 27.Qd5 Qc7 
28.Bg4 Rh2 29.e4 Rg2 30.Bf3 Rf2 31.Qc5 Rxf3 32.Nb5+ Be7 33.Rh1 Bxc5 34.
Nxc7 Rh3 0-1

[Event "26th EUR-ch"]
[Site "Katowice POL"]
[Date "2026.04.07"]
[Round "1.128"]
[White "Aizenberg, Benny"]
[Black "Hasson Schrager, Shalev"]
[Result "1-0"]
[WhiteElo "2451"]
[BlackElo "2110"]
[EventDate "2026.04.07"]
[PlyCount "125"]

1.e4 c5 2.Nf3 Nc6 3.Bb5 e6 4.O-O Nd4 5.Nxd4 cxd4 6.c3 a6 7.Be2 Bc5 8.b4 
Ba7 9.Bb2 d5 10.e5 Ne7 11.cxd4 Nf5 12.Bd3 O-O 13.Na3 Bd7 14.Nc2 Ba4 15.Qg4
Qh4 16.Qxh4 Nxh4 17.Rfc1 Rfc8 18.Ne1 Ng6 19.Bf1 Ne7 20.Nd3 Nc6 21.Nc5 Bxc5
22.bxc5 Bb5 23.Bc3 Bxf1 24.Kxf1 Kf8 25.Rab1 Rab8 26.Rb3 Rc7 27.Rcb1 Ke7 
28.Ke2 Kd7 29.Ke3 Kc8 30.g4 Rd7 31.f4 Kc7 32.d3 f6 33.Be1 fxe5 34.dxe5 d4+
35.Ke4 Rd5 36.Rc1 g5 37.Bg3 gxf4 38.Bxf4 Rf8 39.Rb2 Rd7 40.Bh6 Rg8 41.h3 
Ne7 42.Rb6 Nc6 43.Rf1 Kc8 44.Rf6 Rg6 45.Bf4 Kd8 46.g5 Ke7 47.h4 a5 48.Bd2 
Rxf6 49.exf6+ Kf7 50.Rb1 Kg6 51.Rf1 a4 52.h5+ Kf7 53.Rb1 Nb8 54.Bf4 Na6 
55.Bd6 h6 56.g6+ Kxf6 57.Rf1+ Kg7 58.Ke5 Nxc5 59.Rf7+ Rxf7 60.gxf7 Nd7+ 
61.Kxe6 Nf8+ 62.Ke7 b5 63.Be5+ 1-0

[Event "26th EUR-ch"]
[Site "Katowice POL"]
[Date "2026.04.07"]
[Round "1.129"]
[White "Palamarchuk, Andriy"]
[Black "Sousa, Andre Ventura"]
[Result "0-1"]
[WhiteElo "2110"]
[BlackElo "2447"]
[EventDate "2026.04.07"]
[PlyCount "70"]

1.d4 Nf6 2.Nf3 e6 3.g3 d5 4.Bg2 Be7 5.O-O O-O 6.e3 b6 7.b3 Ba6 8.Re1 c5 9.
Nbd2 Nc6 10.Bb2 Rc8 11.c4 cxd4 12.exd4 dxc4 13.Bf1 Na5 14.Rc1 b5 15.a4 
bxa4 16.bxc4 a3 17.Ba1 Nc6 18.Bc3 Rc7 19.d5 exd5 20.cxd5 Nb8 21.Bxa6 Nxa6 
22.Bxf6 Bxf6 23.Nc4 a2 24.Nfe5 Bxe5 25.Nxe5 Rxc1 26.Qxc1 Qxd5 27.Nc6 Qb3 
28.Ne7+ Kh8 29.Nf5 f6 30.Nd4 Qa4 31.Qc3 Qb4 32.Qa1 Rb8 33.Rc1 Qb1 34.Nc2 
Qxc1+ 35.Qxc1 Rb1 0-1

[Event "26th EUR-ch"]
[Site "Katowice POL"]
[Date "2026.04.07"]
[Round "1.130"]
[White "Ljepic, Andrej"]
[Black "Marzano, Carlo"]
[Result "1-0"]
[WhiteElo "2446"]
[BlackElo "2108"]
[EventDate "2026.04.07"]
[PlyCount "61"]

1.g3 d5 2.Bg2 Nf6 3.d3 c6 4.Nf3 Bg4 5.O-O Nbd7 6.Nc3 e5 7.e4 dxe4 8.dxe4 
Bb4 9.h3 Be6 10.Qe2 Bxc3 11.bxc3 h6 12.Nd2 Qa5 13.Nc4 Qc5 14.Ne3 Nb6 15.
Nf5 Bxf5 16.exf5 O-O 17.Rb1 Rab8 18.Be3 Qxc3 19.Rb3 Qa5 20.c4 Nfd7 21.Rc1 
f6 22.Qb2 Qa6 23.Bf1 c5 24.Ra3 Na4 25.Qc2 Ndb6 26.Rb1 Ra8 27.Rb5 Rfc8 28.
Bd2 Rd8 29.Ra5 Rxd2 30.Qxd2 Nxc4 31.Qd5+ 1-0

[Event "26th EUR-ch"]
[Site "Katowice POL"]
[Date "2026.04.07"]
[Round "1.131"]
[White "Blanquet, Camille"]
[Black "Kolosowski, Mateusz"]
[Result "1-0"]
[WhiteElo "2107"]
[BlackElo "2444"]
[EventDate "2026.04.07"]
[PlyCount "102"]

1.d4 Nf6 2.c4 g6 3.Nc3 d5 4.Bf4 Bg7 5.e3 c5 6.dxc5 Qa5 7.cxd5 Ne4 8.Ne2 
Na6 9.Rc1 Naxc5 10.Nd4 O-O 11.Bc4 e5 12.dxe6 Bxe6 13.Nxe6 Nxc3 14.bxc3 
Bxc3+ 15.Kf1 Nxe6 16.Bxe6 fxe6 17.h4 Rf7 18.h5 Bg7 19.hxg6 hxg6 20.Qg4 Qd2
21.Rd1 Qc2 22.Qe2 Qa4 23.Rh4 Raf8 24.Kg1 g5 25.Bxg5 Rxf2 26.Rxa4 Rxe2 27.
Rd7 Rff2 28.Rg4 Rf7 29.Rd8+ Rf8 30.Rd7 Rf7 31.Rd8+ Kh7 32.a4 b6 33.Re8 e5 
34.Kh2 Kg6 35.Kh3 Kf5 36.Rg3 e4 37.Bf4 Bf6 38.Rg4 Ra2 39.Bd6 Rf2 40.Rexe4 
Rd7 41.Kg3 Rf1 42.Re8 Bg7 43.Bf4 Bc3 44.Rg5+ Kf6 45.Rgg8 Ra1 46.e4 Rxa4 
47.Bg5+ Kf7 48.Ref8+ Ke6 49.Rg6+ Ke5 50.Bf6+ Kxe4 51.Rg4+ Kd5 1-0

[Event "26th EUR-ch"]
[Site "Katowice POL"]
[Date "2026.04.07"]
[Round "1.132"]
[White "Kuru, Atilla"]
[Black "Bochniak, Franciszek"]
[Result "1-0"]
[WhiteElo "2444"]
[BlackElo "2107"]
[EventDate "2026.04.07"]
[PlyCount "129"]

1.Nf3 Nf6 2.g3 d5 3.Bg2 e6 4.O-O Nbd7 5.d3 Be7 6.Nbd2 c6 7.e4 dxe4 8.dxe4 
e5 9.Qe2 O-O 10.a4 Qc7 11.a5 b6 12.axb6 Nxb6 13.Qe3 h6 14.b3 Be6 15.Ba3 
Bxa3 16.Rxa3 c5 17.Rfa1 Nfd7 18.Bf1 c4 19.bxc4 Rfc8 20.Ra5 Bxc4 21.Nxc4 
Nxc4 22.Rxa7 Rxa7 23.Qxa7 Nd6 24.Bh3 f5 25.exf5 Nf6 26.Qxc7 Rxc7 27.Ra8+ 
Nfe8 28.Nxe5 Rxc2 29.Bg4 Rc8 30.Rxc8 Nxc8 31.f6 gxf6 32.Nd7 Ncd6 33.Bh5 
Kg7 34.Bxe8 Nxe8 35.Kg2 Nd6 36.Kf3 Kg6 37.Kf4 Nb5 38.Nc5 Nc3 39.Nd3 Nb5 
40.Kg4 Nd4 41.Nf4+ Kg7 42.Kh5 Nf3 43.h4 Ne5 44.Ne6+ Kh7 45.Nd4 Nd3 46.f3 
Nf2 47.Nf5 Nh1 48.f4 Nf2 49.Nxh6 Ne4 50.Nf5 Nc5 51.Kg4 Kg6 52.h5+ Kh7 53.
Nd6 Kh6 54.Ne8 Ne4 55.f5 Nf2+ 56.Kf3 Nd3 57.Nxf6 Kg5 58.Ne4+ Kxf5 59.g4+ 
Ke6 60.Ke3 Ne5 61.Kf4 Nd7 62.g5 Kf7 63.Kf5 Nf8 64.Nc5 Ke7 65.g6 1-0

[Event "26th EUR-ch"]
[Site "Katowice POL"]
[Date "2026.04.07"]
[Round "1.133"]
[White "Tashkinova, Sofiia"]
[Black "Ghimpu, Samuel-Timotei"]
[Result "0-1"]
[WhiteElo "2105"]
[BlackElo "2443"]
[EventDate "2026.04.07"]
[PlyCount "82"]

1.e4 c5 2.Nf3 Nc6 3.Bb5 e6 4.O-O Nge7 5.Re1 a6 6.Bf1 d5 7.d3 d4 8.e5 b6 9.
g3 Bb7 10.Bg2 Ng6 11.h4 h5 12.Bg5 Qd5 13.c4 Qd7 14.a3 a5 15.Nbd2 Ra7 16.
Qe2 Qc7 17.Rab1 a4 18.Nf1 Be7 19.Bxe7 Ncxe7 20.N1d2 Nf5 21.b4 axb3 22.Rxb3
Ra6 23.Reb1 Ke7 24.Ne4 Bxe4 25.Qxe4 Nf8 26.Qf4 Nd7 27.Bh3 g6 28.Qg5+ Kf8 
29.Re1 Ra8 30.Bxf5 gxf5 31.Re2 Qc6 32.Kg2 Rg8 33.Qxh5 Rg4 34.Qh7 Ke7 35.h5
Rag8 36.Rb1 Rf4 37.Qxg8 Qxf3+ 38.Kg1 Rg4 39.Qc8 Qxe2 40.h6 f4 41.h7 fxg3 
0-1

[Event "26th EUR-ch"]
[Site "Katowice POL"]
[Date "2026.04.07"]
[Round "1.134"]
[White "Bakhmatskyi, Vladyslav"]
[Black "Alpaslan, Utku"]
[Result "1/2-1/2"]
[WhiteElo "2442"]
[BlackElo "2104"]
[EventDate "2026.04.07"]
[PlyCount "80"]

1.Nf3 Nf6 2.c4 e6 3.Nc3 d5 4.e3 b6 5.b3 Bb7 6.Bb2 Nbd7 7.Qc2 a6 8.cxd5 
exd5 9.Ne2 c5 10.Ng3 g6 11.Be2 Bg7 12.d4 O-O 13.O-O Rc8 14.dxc5 bxc5 15.
Rac1 Qb6 16.Ne5 Nxe5 17.Bxe5 d4 18.Qb2 Nd5 19.Bxg7 Kxg7 20.Bf3 Nc3 21.Bxb7
Qxb7 22.Ne2 Nxe2+ 23.Qxe2 Qe4 24.Rc4 Qe5 25.Qb2 Rfd8 26.b4 Rb8 27.a3 cxb4 
28.axb4 a5 29.exd4 Qd5 30.Rc5 Qxd4 31.Qxd4+ Rxd4 32.bxa5 Rd2 33.g4 h6 34.
Ra1 Rbb2 35.a6 Rxf2 36.Rca5 Rg2+ 37.Kf1 Rxh2 38.Kg1 Rhg2+ 39.Kh1 Rh2+ 40.
Kg1 Rbg2+ 1/2-1/2